002230000a220007300045001000018000002450056000183000053000747730022001271 aHoffman, Yair10aAetiology, redaction and historicity in Jeremiah 36 aVol. 46, Num. 2 (Abril, 1996), Páginas 179-1890 tVetus Testamentum